00432nam a2200133Ia 4500008004100000020001500041040004400056100001800100245006000118260003200178300003300210500004000243999001500283180412s9999||||xx |||||||||||||| ||und|| a072730304X aAhmadu Bello University Library - Zaria aWood, Richard 0aCar bodywork in glass reinforced plasticscRichard Wood aLondonbPentech Pressc1980 a212p.: ill., diagrs., tables aIncludes bibliographical references c8395d8395